Introducción a la automatización de los sistemas de producción

Uloženo v:
Podrobná bibliografie
Hlavní autor: Stange, Plinio (Autor)
Médium: Kniha
Jazyk:portugalština
Vydáno: Santiago Pontificia Universidad Católica de Chile 1985
Edice:Cursos
Témata:
Tagy: Přidat tag
Žádné tagy, Buďte první, kdo vytvoří štítek k tomuto záznamu!

MARC

LEADER 00000nam a2200000 a 4500
001 UCU9264
003 CL-VaPUC
005 20250107101920.0
008 960814e19851100cl 1 por d
082 0 4 |a 629.89  |b STA  |2 21 
100 1 |a Stange, Plinio  |e author  |9 617958 
245 1 0 |a Introducción a la automatización de los sistemas de producción 
260 |a Santiago  |b Pontificia Universidad Católica de Chile  |c 1985 
300 |a 120 p 
490 0 |a Cursos 
583 |a last modification  |c 19960814 00:00:00  |k Rodrigo Vera 
650 0 0 |a Control automático  |9 259890 
650 0 0 |a Automatización   |9 299909 
650 0 0 |a Producción   |9 263680 
650 0 7 |a TECNICAS DE PRODUCCION  |2 CL-VaPUC  |9 352706 
650 0 0 |a Electrónica   |9 263192 
942 |c BK 
945 |a cmena  |d 19960814 00:00:00 
546 |a En Portugués 
518 |p Congreso Chileno de Ingeniería Eléctrica, 6, Santiago, 11 al 15 de Noviembre de 1985 
999 |c 382722  |d 382720 
952 |0 0  |1 0  |4 0  |6 629_890000000000000_STA_1985  |7 0  |8 A  |9 504569  |a BIBING  |b BIBING  |d 2020-01-23  |i 1724894  |o 629.89 STA 1985  |p 1724894  |r 2025-01-20  |w 2020-01-23  |y BK  |k EIE